000
00344nam a2200145Ia 4500
008
151213s9999 xx 000 0 und d
100
_a
V.P .Bharatiya
245
_a
Muslim Law
_c
V.P .Bharatiya
260
_a
New Dilhi
_b
Eastern Book
_c
2004
300
_a
2081 p.
650
_a
Law
650
_a
Law
700
_a
V.P .Bharatiya
999
_c
1531
_d
1531